000 01088cam a2200241 4500
001 L128246
008 041208n1999 000 0 eng u
020 _a0333664361
035 _a(Sirsi) u128246
041 _aeng
050 _a306.3
_c18
100 _aGibb, Kenneth
245 _aHousing finance in the UK
_ban introduction
250 _a2nd ed.
260 _aHampshire
_bPalgrave Macmillan
_c1999
300 _axii, 257p.
_c22cm.
350 _a20.99
520 _aAnalyses the contemporary housing finance system in the UK. Covers: the fundamentals of housing finance; the economics of housing markets; public expenditure; financing local authority housing; and housing associations. Considers also the relationship between mortgage finance, housing and the economy,private rented housing, assistance with housing costs and concludes with discussion of the key issues in British housing finance and the future of housing finance. Bibliography.
690 _aPROPERTY-PROPERTY FINANCE AND INVESTMENT
700 _aMunro, Moira
700 _aSatsangi, Madhu
942 _n0
999 _c103880
_d103880